Catholic University of Zimbabwe Library
Online Public Access Catalogue
(OPAC)

Commentary and Control in Shakespeare's Plays (Record no. 11943)

MARC details
000 -LEADER
fixed length control field 00448 a2200145 4500
245 ## - TITLE STATEMENT
Title Commentary and Control in Shakespeare's Plays
Medium print
020 ## - INTERNATIONAL STANDARD BOOK NUMBER
International Standard Book Number 0391003690 (Humaniti
650 ## - SUBJECT ADDED ENTRY--TOPICAL TERM
Topical term or geographic name entry element ENGLISH LITERATURE
260 ## - PUBLICATION, DISTRIBUTION, ETC.
Place of publication, distribution, etc. no
Name of publisher, distributor, etc. Universitetsforlaget
Date of publication, distribution, etc. 1974
084 ## -
-- PR2976 .B45 1974
300 ## - PHYSICAL DESCRIPTION
Extent 246, [1] p.
Other physical details 21 cm.
Dimensions 246, [1] p. ; 21 cm.
500 ## - GENERAL NOTE
General note Peter Bilton.
490 ## - SERIES STATEMENT
Series statement Norwegian studies in English ; 19

No items available.

OPENING HOURS

Weekdays: 0815hrs - 1800hrs
Weekends:0900hrs - 1200hrs

Closed for Mass:

Mon, Thur: 1200hrs - 1300hrs
Sunday & Public Holiday’s

CALL SUPPORT

0242-570570, 0242-570169
09200664, +263 8644140602

LOCATION

18443, Cranborne Avenue, Hatfield, Harare

Other Links


©2021 | CUZ Library